000 00711nam a2200265Ia 4500
003 OSt
005 20221007080456.0
006 a|||||r|||| 00| 0
007 ta
008 221006b |||||||| |||| 00| 0 eng d
024 _a1,362
037 _cTextual
040 _aFLL
_cFLL
_beng
041 _2eng
_aeng
082 _aV2:2:Z, N1.2
100 _aSeervai H. M.
245 0 _aConstitutional law of India
250 _a4th
260 _aNew Delhi
_bUniversal Law Publishing Company Private Limited India
_c2001
300 _a970-2240p
_ccm.
490 _vVol.2
650 _aConstitutional law
_9681314
942 _hV2:2:Z, N1.2
_cTEXL
_2CC
999 _c1159769
_d1159769